| 000 -LEADER |
| fixed length control field |
00882cam a2200229 i 4500 |
| 001 - CONTROL NUMBER |
| control field |
19593604 |
| 005 - DATE AND TIME OF LATEST TRANSACTION |
| control field |
20210621134425.0 |
| 008 - FIXED-LENGTH DATA ELEMENTS--GENERAL INFORMATION |
| fixed length control field |
170412s2016 nyu b 001 0 eng d |
| 020 ## - INTERNATIONAL STANDARD BOOK NUMBER |
| International Standard Book Number |
9781338038545 |
| 041 ## - LANGUAGE CODE |
| Language code of text/sound track or separate title |
eng |
| 080 ## - UNIVERSAL DECIMAL CLASSIFICATION NUMBER |
| Universal Decimal Classification number |
376+616.8 B-78 |
| 100 1# - MAIN ENTRY--PERSONAL NAME |
| Personal name |
Boroson, Barbara |
| 9 (RLIN) |
12100 |
| 245 10 - TITLE STATEMENT |
| Title |
Autism spectrum disorder in the inclusive classroom / |
| Statement of responsibility, etc. |
Barbara Boroson. |
| 250 ## - EDITION STATEMENT |
| Edition statement |
2nd edition. |
| 264 #1 - PRODUCTION, PUBLICATION, DISTRIBUTION, MANUFACTURE, AND COPYRIGHT NOTICE |
| Place of production, publication, distribution, manufacture |
New York : |
| Name of producer, publisher, distributor, manufacturer |
Scholastic, |
| Date of production, publication, distribution, manufacture, or copyright notice |
2016. |
| 300 ## - PHYSICAL DESCRIPTION |
| Extent |
240 pages ; |
| Dimensions |
28 cm. |
| 653 ## - INDEX TERM--UNCONTROLLED |
| keyword |
აუტიზმის სპექტრის დარღვევების მქონე ბავშვები |
| 653 ## - INDEX TERM--UNCONTROLLED |
| keyword |
Дети с расстройствами аутистического спектра |
| 653 ## - INDEX TERM--UNCONTROLLED |
| keyword |
ინკლუზიური განათლება |
| 653 ## - INDEX TERM--UNCONTROLLED |
| keyword |
Инклюзивное образование |
| 942 ## - ADDED ENTRY ELEMENTS (KOHA) |
| Source of classification or shelving scheme |
|
| Koha item type |
წიგნი |